Tugs, towboats and towing

Saved in:
書目詳細資料
主要作者: Brady, Edward M (Author)
格式: 圖書
語言:英语
出版: Cambridge Cornell Maritime Press 1967
主題:
標簽: 添加標簽
沒有標簽, 成為第一個標記此記錄!

MARC

LEADER 00000nam a2200000 a 4500
001 UCX7811
003 CL-VaPUC
008 940105e19670000US |||||||||||||||||eng|d
082 0 4 |a 623.8123  |b BRA  |2 21 
100 0 |a Brady, Edward M  |e author  |9 324721 
245 1 0 |a Tugs, towboats and towing 
300 |a 231 p 
942 |c BK 
945 |d 19940105 00:00:00  |a rbrito 
260 |a Cambridge  |b Cornell Maritime Press  |c 1967 
650 7 |a REMOLCADORES  |2 CL-VaPUC  |9 324722 
583 |a last modification  |c 20120711 11:24:34  |k Rodrigo Vera 
999 |c 227511  |d 227509